000 00812nam a2200241 i 4500
001 bg
100 1 _aGjulihandanov, Evgenij ~7Lvovič
245 1 0 _aNawęglanie, węgloazotowanie, azotowanie stali : zagadnienia wybrane /
_cEugene L. Gulikhandanov, Tomasz W. Budzynowski.
260 _aRadom :
_bPolitechnika Radomska. Wydaw.,
_ccop. 2003.
300 _a232 s. :
_brys., tab., wykr. ;
_c24 cm.
500 _aStreszcz. ang., ros.
504 _aBibliogr. s. 223-231.
650 9 _aStal
_xobróbka cieplna
700 1 _aBUDZYNOWSKI, Tomasz
020 _a8373510168
040 _cBPK
041 0 _apol
_bengrus
080 _a621.78
920 _a83-7351-016-8
942 _cKS
008 s pl f |000 0 pol
999 _c44940
_d44940
856 _uhttp://koha.tu.koszalin.pl/cgi-bin/koha/opac-detail.pl?biblionumber=44940
_yKatalog online BPK